Statistics for Idioms with 'food' in them

Click here to take the quiz!

General Stats

  • This quiz has been taken 132 times
  • The average score is 9 of 18

Answer Stats

Hint Answer % Correct
Crying over ______________Spilt milk
86%
Apple of my ___________Eye
85%
To spill the __________Beans
84%
An apple a day _________________Keeps the doctor away
83%
Bread and _________Butter
82%
Couch _______________Potato
82%
Cool as a ___________Cucumber
75%
Easy as _______________Pie
74%
Selling like ___________Hot Cakes
68%
Knuckle ______________Sandwich
50%
_________fingersButter
50%
A different kettle of ___________Fish
44%
_________as apple-pieAmerican
20%
________ someone upButter
19%
Bad ____________Egg
15%
In apple-pie _________Order
10%
Sure as ______is_________Eggs
8%
A big ___________Cheese
4%

Score Distribution

Percentile by Number Answered

Percent of People with Each Score

Your Score History

You have not taken this quiz